00409nam a22001577a 450000500170000001000270001702000260004403500140007003500140008403700130009808200060011110000180011724500470013526000470018230000220022920230119105217.0 aENG-118069 ENG-136014 a9789385755095c499.00 aEN-101601 aEN-119546 bDBAD/PUB aN aSaleem Haddad aOne last drink at Guapa/cby Saleem Haddad aNew DelhibSpeaking Tiger Publishingc2016 a358p.c22cm.(pbk)